[Event "AUTO-OPEN-346"]
[Site "http://www.queenalice.com/game.php?id=195102"]
[Date "2007.4.11"]
[Round "3"]
[White "Volor"]
[Black "Jamtony"]
[Result "1-0"]
[WhiteElo "1844"]
[BlackElo "1714"]

1. e4 e5 2. Nf3 d6 3. d4 Nf6 4. dxe5 Nxe4 5. Qd5 Nc5 6. Bg5 Be7 7. exd6 cxd6 8.
Nc3 Be6 9. Qd2 Bf6 10. Bxf6 Qb6 11. Bb5+ Nbd7 12. Bd4 a6 13. Bxd7+ Bxd7 14. Nd5
Qd8 15. Bxg7 Rg8 16. Nf6+ Ke7 17. Nxg8+ Qxg8 18. Qg5+ Ke8 19. O-O-O Ne6 20. Rhe1
Rc8 21. Rxd6 Rc5 22. Qf6 h5 23. Ng5 Rc6 24. Nxe6 Rxd6 25. Nc7# 1-0

[Event "AUTO-OPEN-346"]
[Site "http://www.queenalice.com/game.php?id=195103"]
[Date "2007.4.11"]
[Round "3"]
[White "chemy204"]
[Black "Volor"]
[Result "0-1"]
[WhiteElo "1425"]
[BlackElo "1791"]

1. e4 e5 2. d4 exd4 3. Qxd4 Nc6 4. Qd1 Nf6 5. Bg5 Bc5 6. Bc4 Bxf2+ 7. Kxf2 Nxe4+
8. Ke1 Qxg5 9. Qf3 Nf6 10. Nh3 Qe5+ 11. Qe2 Qxe2+ 12. Bxe2 Nd4 13. Bd3 O-O 14.
Nc3 Re8+ 15. Kd2 d6 16. Nf4 c6 17. Rae1 Bd7 18. Ne4 Nxe4+ 19. Rxe4 Rxe4 20. Bxe4
Re8 21. Kd3 Nxc2 22. Kxc2 Rxe4 23. g3 Bf5 0-1

[Event "AUTO-OPEN-346"]
[Site "http://www.queenalice.com/game.php?id=195104"]
[Date "2007.4.11"]
[Round "3"]
[White "Volor"]
[Black "chemy204"]
[Result "1-0"]
[WhiteElo "1896"]
[BlackElo "1592"]

1. e4 e5 2. Nf3 d6 3. d4 Nc6 4. Bc4 exd4 5. Nxd4 Nxd4 6. Qxd4 Qe7 7. Nc3 f6 8.
Be3 c5 9. Qd3 Bd7 10. O-O-O Rd8 11. Nd5 Qe5 12. f4 Qh5 13. Nc7+ Ke7 14. Qxd6#
1-0

[Event "AUTO-ADV-538"]
[Site "http://www.queenalice.com/game.php?id=230378"]
[Date "2007.6.25"]
[Round "1"]
[White "Volor"]
[Black "JManoel"]
[Result "1-0"]
[WhiteElo "1900"]
[BlackElo "2138"]

1. e4 c5 2. Nf3 d6 3. d4 cxd4 4. Nxd4 Nf6 5. Nc3 a6 6. Be2 e6 7. Be3 Be7 8. Qd2
b5 9. f3 O-O 10. g4 Bb7 11. h4 d5 12. e5 Nfd7 13. g5 Nxe5 14. f4 Nc4 15. Bxc4
bxc4 16. h5 a5 17. O-O-O a4 18. a3 Qd7 19. g6 fxg6 20. hxg6 h6 21. f5 e5 22.
Bxh6 exd4 23. Bxg7 Bg5 24. Qxg5 Qxg7 25. Rh7 Qe5 26. Rdh1 Qe3+ 27. Qxe3 dxe3 28.
Rh8+ 1-0

[Event "AUTO-ADV-538"]
[Site "http://www.queenalice.com/game.php?id=230379"]
[Date "2007.6.25"]
[Round "1"]
[White "JManoel"]
[Black "Volor"]
[Result "1-0"]
[WhiteElo "1745"]
[BlackElo "1926"]

1. d4 Nf6 2. c4 e6 3. Nf3 b6 4. a3 Bb7 5. Nc3 Be7 6. g3 O-O 7. Bg2 d5 8. cxd5
Nxd5 9. e4 Nxc3 10. bxc3 Bxe4 11. O-O Nd7 12. Re1 Bb7 13. Qd3 c5 14. dxc5 Nxc5
15. Qc2 Rc8 16. Rd1 Qc7 17. Bf4 Be4 18. Qe2 Qb7 19. Qe3 h6 20. Be5 Nd7 21. Rxd7
Qxd7 22. Qxe4 Bc5 23. a4 Rfd8 24. Re1 Ba3 25. Nd4 Rc4 26. Bf1 Rcc8 27. Bd3 f5
28. Qe2 Rxc3 29. Bb5 Qc8 30. Ba6 Qd7 31. Nxe6 1-0

[Event "AUTO-ADV-538"]
[Site "http://www.queenalice.com/game.php?id=230380"]
[Date "2007.6.25"]
[Round "1"]
[White "Volor"]
[Black "michas"]
[Result "1-0"]
[WhiteElo "1883"]
[BlackElo "1799"]

1. e4 g5 2. d4 h6 3. Bc4 Bg7 4. Nc3 Nc6 5. Nge2 d6 6. Be3 Bg4 7. f3 Bh5 8. Qd2
Na5 9. Bb3 Nxb3 10. axb3 Bg6 11. O-O Qd7 12. f4 g4 13. e5 h5 14. Ra2 dxe5 15.
fxe5 f5 16. Nf4 Bf7 17. Rfa1 a6 18. Nd3 h4 19. Nc5 Qc8 20. Qd3 h3 21. Qb5+ c6
22. Qxb7 Qxb7 23. Nxb7 hxg2 24. Rxa6 Rxa6 25. Rxa6 g3 26. hxg3 Rh1+ 27. Kxg2 Rh6
28. Bxh6 Bxh6 29. Nc5 Bd5+ 30. Nxd5 cxd5 31. e6 Kf8 32. b4 Bg7 33. Nd7+ Ke8 34.
Ra8# 1-0

[Event "AUTO-ADV-538"]
[Site "http://www.queenalice.com/game.php?id=230381"]
[Date "2007.6.25"]
[Round "1"]
[White "michas"]
[Black "Volor"]
[Result "1/2-1/2"]
[WhiteElo "1795"]
[BlackElo "1887"]

1. g4 d5 2. Bg2 Bxg4 3. c4 Nf6 4. cxd5 Nbd7 5. Qa4 e6 6. dxe6 Bxe6 7. Bxb7 Rb8
8. Bc6 Rb4 9. Qxa7 Rc4 10. Bxd7+ Qxd7 11. Qb8+ Ke7 12. Nc3 Qc6 13. Nf3 g6 14.
Rg1 Nd7 15. Qb5 Bg7 16. Qxc6 Rxc6 17. a4 Ra8 18. d4 Bb3 19. Bf4 Rca6 20. Bxc7
Bxa4 21. Nxa4 Rxa4 22. Rxa4 Rxa4 23. e3 Rb4 24. Ba5 Rxb2 25. Bc3 Rc2 26. Bb4+
Ke8 27. Rg5 Rb2 28. Bc3 Rc2 29. Bb4 Rb2 30. Bc3 1/2-1/2

[Event "AUTO-ADV-538"]
[Site "http://www.queenalice.com/game.php?id=230382"]
[Date "2007.6.25"]
[Round "1"]
[White "Volor"]
[Black "ChrisDavison102"]
[Result "1-0"]
[WhiteElo "1851"]
[BlackElo "1905"]

1. e4 c5 2. Nf3 d6 3. d4 cxd4 4. Nxd4 Nf6 5. Nc3 a6 6. Be2 e6 7. Be3 Be7 8. f4
O-O 9. g4 h6 10. g5 hxg5 11. fxg5 Nh7 12. h4 Nc6 13. Qd2 Bd7 14. O-O-O Rc8 15.
Rdg1 e5 16. Nf5 Bxf5 17. exf5 Re8 18. g6 Nf6 19. h5 Qd7 20. h6 Qxf5 21. gxf7+
Kxf7 22. Rxg7+ Kf8 23. Rf1 Qe6 24. Nd5 Nd4 25. Nxf6 Bxf6 26. Bxd4 exd4 27. Qxd4
Qxe2 28. Qxf6# 1-0

[Event "AUTO-ADV-538"]
[Site "http://www.queenalice.com/game.php?id=230383"]
[Date "2007.6.25"]
[Round "1"]
[White "ChrisDavison102"]
[Black "Volor"]
[Result "0-1"]
[WhiteElo "1871"]
[BlackElo "1903"]

1. e4 e5 2. Nf3 Nc6 3. Bb5 Nf6 4. O-O Bc5 5. d3 d6 6. Nc3 a6 7. Ba4 b5 8. Bb3
Bg4 9. Be3 Ba7 10. h3 Bh5 11. g4 Bg6 12. Nh4 Nd7 13. Bxa7 Qxh4 14. Be3 Qxh3 15.
Qe2 Nd8 16. f3 Ne6 17. Qg2 Qxg2+ 18. Kxg2 O-O-O 19. Nd5 c6 20. Ne7+ Kc7 21. Nxg6
hxg6 22. Rh1 Nf6 23. a4 b4 24. a5 d5 25. Bb6+ Kb7 26. Bxd8 Rxd8 27. Rhf1 Nf4+
28. Kg3 Kc7 29. Rh1 Kd6 30. Ra4 c5 31. exd5 Rg8 32. Raa1 N6xd5 33. Bxd5 Kxd5 34.
Rhe1 Rh8 35. Rh1 Rg8 36. Rh7 g5 37. Rah1 Ng6 38. R7h5 f6 39. c3 b3 40. Rd1 Rd8
41. Rhh1 Kc6 42. Rh2 Nf4 43. Rhd2 Kb5 44. d4 exd4 45. cxd4 cxd4 46. Kf2 d3 47.
Ra1 Kb4 48. Ke3 Rd5 49. Rh2 Re5+ 50. Kd2 Rc5 51. Rc1 Rc2+ 52. Rxc2 bxc2 53. Rh1
Kxa5 54. Ra1+ Kb5 55. Rh1 Kb4 56. Rh8 Ne2 57. Rb8+ Ka4 58. Rc8 c1=Q+ 59. Rxc1
Nxc1 60. Kxc1 Kb3 61. Kd2 Kxb2 62. Kxd3 a5 63. Ke4 a4 64. Kf5 a3 65. Kg6 a2 66.
Kxg7 a1=Q 67. Kxf6 Qc1 68. Kg6 Kc3 69. Kf5 Qe3 70. Kg6 Qf4 71. Kh5 Kd4 72. Kg6
Ke5 73. Kh5 Kf6 74. Kh6 Qh2# 0-1

[Event "Challenge"]
[Site "http://www.queenalice.com/game.php?id=252800"]
[Date "2007.8.8"]
[Round "-"]
[White "Volor"]
[Black "grandiagonal"]
[Result "0-1"]
[WhiteElo "1819"]
[BlackElo "1530"]

1. e4 c5 2. Nf3 Nc6 3. d4 cxd4 4. Nxd4 g6 5. Nc3 Bg7 6. Be3 Nf6 7. Bc4 O-O 8.
Bb3 d6 9. f3 Qc7 10. Qd2 Nxd4 11. Bxd4 b6 0-1

[Event "Challenge"]
[Site "http://www.queenalice.com/game.php?id=252801"]
[Date "2007.8.8"]
[Round "-"]
[White "grandiagonal"]
[Black "Volor"]
[Result "1-0"]
[WhiteElo "1500"]
[BlackElo "1849"]

1. d4 Nf6 2. Nf3 b6 3. Bf4 Bb7 4. e3 e6 5. Bd3 c5 6. O-O Nc6 7. c3 Rc8 8. Qa4
Be7 9. Nbd2 O-O 10. dxc5 Bxc5 11. Bg5 1-0

[Event "AUTO-MASTER-375"]
[Site "http://www.queenalice.com/game.php?id=263976"]
[Date "2007.8.30"]
[Round "1"]
[White "gipmachado"]
[Black "Volor"]
[Result "1-0"]
[WhiteElo "2332"]
[BlackElo "1793"]

1. e4 e5 2. Nf3 Nc6 3. d4 exd4 4. Nxd4 Nf6 5. Nxc6 bxc6 6. Bd3 d5 7. Nd2 Bd6 8.
O-O O-O 9. Re1 dxe4 10. Nxe4 Nxe4 11. Bxe4 Bb7 12. Qh5 h6 13. Bxh6 gxh6 14. Qf5
1-0

[Event "AUTO-MASTER-375"]
[Site "http://www.queenalice.com/game.php?id=263977"]
[Date "2007.8.30"]
[Round "1"]
[White "Volor"]
[Black "gipmachado"]
[Result "0-1"]
[WhiteElo "1791"]
[BlackElo "2333"]

1. e4 e5 2. Nf3 Nc6 3. Bb5 a6 4. Ba4 Nf6 5. O-O b5 6. Bb3 Bc5 7. c3 Nxe4 8. d4
exd4 9. cxd4 Be7 10. Re1 d5 11. Nbd2 f5 12. Qc2 Nb4 13. Qd1 Nd3 0-1

[Event "AUTO-MASTER-375"]
[Site "http://www.queenalice.com/game.php?id=263996"]
[Date "2007.8.30"]
[Round "1"]
[White "Volor"]
[Black "JulioCG"]
[Result "0-1"]
[WhiteElo "1889"]
[BlackElo "1896"]

1. e4 c5 2. Nf3 Nc6 3. d4 cxd4 4. Nxd4 e6 5. c4 Bc5 6. Nxc6 bxc6 7. Nc3 a6 8.
Be2 Ne7 9. Bg5 f6 10. Bh5+ g6 0-1